Statistics for Biggest Cities in Random Countries

Click here to take the quiz!

General Stats

  • This quiz has been taken 1,034 times
  • The average score is 18 of 20

Answer Stats

HintAnswer% Correct
EgyptCairo
99%
United States of AmericaNew York
99%
UkraineKiev
97%
ItalyMilan
97%
BrazilSao Paulo
97%
South AfricaJohannesburg
96%
Czech RepublicPrague
96%
KuwaitKuwait City
94%
SwitzerlandZurich
93%
MongoliaUlan Bator
92%
VietnamHo Chi Minh
91%
HaitiPort-au-Prince
88%
JordanAmman
87%
PakistanKarachi
85%
SenegalDakar
83%
North MacedoniaSkopje
83%
ArmeniaYerevan
80%
TanzaniaDar es Salam
77%
BotswanaGaborone
62%
EcuadorGuayaquil
56%

Score Distribution

Percentile by Number Answered

Percent of People with Each Score

Your Score History

You have not taken this quiz